| 000 | 01002pam a2200277 a 4500 | ||
|---|---|---|---|
| 001 | 4490545 | ||
| 003 | OSt | ||
| 005 | 20151015081908.0 | ||
| 008 | 970721s1998 nyu j 000 0 eng | ||
| 010 | _a 97034153 | ||
| 020 | _a0590271466 | ||
| 040 |
_aDLC _cDLC _dDLC |
||
| 042 | _alcac | ||
| 050 | 0 | 0 |
_aPN6081 _b.S36 1998 |
| 082 | 0 | 0 |
_a082 _221 |
| 245 | 0 | 0 |
_aScholastic treasury of quotations for children / _c[compiled and written by] Adrienne Betz. |
| 260 |
_aNew York : _bScholastic Reference, _cc1998. |
||
| 300 |
_a254 p. ; _c24 cm. |
||
| 520 | _aPresents 1,200 quotations from ancient to modern times on topics such as cooperation, growing up, nature, success, and faith. | ||
| 650 | 0 | _aQuotations, English. | |
| 650 | 1 | _aQuotations. | |
| 700 | 1 | _aBetz, Adrienne. | |
| 906 |
_a7 _bcbc _corignew _d1 _eocip _f19 _gy-gencatlg |
||
| 942 |
_2lcc _cBK |
||
| 999 |
_c250676 _d250676 |
||